NBA MVPs with No Championships - Statistics

General Stats
  • This quiz has been taken 82,304 times
    52,619 since last reset
  • The average score is 7 of 8
Answer Stats
MVP years Player % Correct
2023 Joel Embiid
94%
2018 James Harden
92%
2017 Russell Westbrook
91%
2011 Derrick Rose
84%
2005, 2006 Steve Nash
84%
2001 Allen Iverson
83%
1993 Charles Barkley
76%
1997, 1999 Karl Malone
73%
No matching quizzes found
Score Distribution
Percent of People with Each Score
Percentile by Number Answered
Your Score History
You have not taken this quiz since the last reset